Statistics for 10 from 1-10

Click here to take the quiz!

General Stats

  • This quiz has been taken 20 times
  • The average score is 4 of 10

Answer Stats

HintAnswer% Correct
Begins with T2 | 3 | 10
69%
Prime2 | 3 | 5 | 7
69%
5 letters3 | 7 | 8
69%
Perfect Square1 | 4 | 9
31%
Composite Odd1 | 9
31%
Ends with Consonant4 | 6 | 7 | 8 | 10
31%
2 digits10
15%
Contains o1 | 2 | 4
15%
Perfect Cube1 | 8
15%
Factor of 20 (excluding 1)2 | 4 | 5 | 10
15%

Score Distribution

Percentile by Number Answered

Percent of People with Each Score

Your Score History

You have not taken this quiz